Digital Entrepreneurship (Record no. 29326)
[ view plain ]
| 000 -LEADER | |
|---|---|
| fixed length control field | 01008nam a2200133Ia 4500 |
| 008 - FIXED-LENGTH DATA ELEMENTS--GENERAL INFORMATION | |
| fixed length control field | 220620s9999||||xx |||||||||||||| ||und|| |
| 100 ## - MAIN ENTRY--PERSONAL NAME | |
| Personal name | Soltanifar, Mariusz||Hughes, Mathew||Göcke, Lutz |
| 245 #0 - TITLE STATEMENT | |
| Title | Digital Entrepreneurship |
| Remainder of title | Impact on Business and Society |
| 546 ## - LANGUAGE NOTE | |
| Language note | English[eng] |
| 650 ## - SUBJECT ADDED ENTRY--TOPICAL TERM | |
| Topical term or geographic name entry element | Entrepreneurship||IT in Business||Innovation/Technology Management||Business and Management||Open Access||Digital transformation and entrepreneurship||ICT based business models||AR and VR startups||Digitalization and entrepreneurial ecosystems||Digital entrepreneurship strategies||Business models for digital business||Creating digital intrapreneurs||Business mathematics & systems||Business applications||Research & development management||Industrial applications of scientific research & technological innovation |
| 700 ## - ADDED ENTRY--PERSONAL NAME | |
| Personal name | Soltanifar, Mariusz||Hughes, Mathew||Göcke, Lutz |
| 856 ## - ELECTRONIC LOCATION AND ACCESS | |
| Uniform Resource Identifier | <a href="https://library.oapen.org/bitstream/20.500.12657/43282/1/2021_Book_DigitalEntrepreneurship.pdf">https://library.oapen.org/bitstream/20.500.12657/43282/1/2021_Book_DigitalEntrepreneurship.pdf</a> |
| 942 ## - ADDED ENTRY ELEMENTS (KOHA) | |
| Koha item type | E-Books |
| Withdrawn status | Lost status | Damaged status | Not for loan | Home library | Current library | Date acquired | Total Checkouts | Date last seen | Price effective from | Koha item type |
|---|---|---|---|---|---|---|---|---|---|---|
| Kerala University of Digital Sciences, Innovation and Technology Knowledge Centre | Kerala University of Digital Sciences, Innovation and Technology Knowledge Centre | 20/06/2022 | 20/06/2022 | 20/06/2022 | E-Books |